منثو کے شہکا ر ا فسا نے (Record no. 87274)

MARC details
000 -LEADER
fixed length control field 01338nam a22002777a 4500
005 - DATE AND TIME OF LATEST TRANSACTION
control field 20170405150938.0
008 - FIXED-LENGTH DATA ELEMENTS--GENERAL INFORMATION
fixed length control field 140714b xxu||||| |||| 00| 0 Urdu d
010 ## - LCCN (DPL NO)
LC control number UR90 B-547927-930 B-665871
020 ## - INTERNATIONAL STANDARD BOOK NUMBER
International Standard Book Number 9789350732335
Terms of availability 250.00
035 ## - SYSTEM CONTROL NUMBER
System control number U-90 B-547927-930 B-665871
037 ## - SOURCE OF ACQUISITION
Source of stock number/acquisition BPPD/Pub/Ven
037 ## - SOURCE OF ACQUISITION
Source of stock number/acquisition Pansy Books(Vend.)/Edu.pub. House(Pub.)
040 ## - CATALOGING SOURCE
Original cataloging agency DPL
Language of cataloging Urdu
082 ## - DEWEY DECIMAL CLASSIFICATION NUMBER
Classification number ک
100 ## - MAIN ENTRY--PERSONAL NAME
Personal name محمد ليا قت سہيل
245 ## - TITLE STATEMENT
Title منثو کے شہکا ر ا فسا نے
Statement of responsibility, etc محمد ليا قت سہيل
246 ## - VARYING FORM OF TITLE
Title proper/short title Manto ke Shahkar Afsane
Remainder of title by Mohd. Liaqat Suhall
260 ## - PUBLICATION, DISTRIBUTION, ETC. (IMPRINT)
Place of publication, distribution, etc د ھلی
Name of publisher, distributor, etc ا يجو کيشنل پبليشنگ ہا ؤس
Date of publication, distribution, etc 2013
260 ## - PUBLICATION, DISTRIBUTION, ETC. (IMPRINT)
Name of publisher, distributor, etc Pansy Books(Vender)
270 ## - ADDRESS
Address 3108،و کيل اسٹر يٹ ،کو چہ پنڈ ت ،لال کنو ا ن
City د ھلی
Postal code 110006
Telephone number 23216162،23214465
270 ## - ADDRESS
Address R2,/66/A Somesh Vihar,Chhawala
City New Delhi
Postal code 110071
Telephone number 01125317355
300 ## - PHYSICAL DESCRIPTION
Extent 184ص
Dimensions 22Cm (Hb)
942 ## - ADDED ENTRY ELEMENTS (KOHA)
Source of classification or shelving scheme Dewey Decimal Classification
Item type Urdu Bks
Edition
Classification part ک
Call number suffix م ح م
Holdings
Withdrawn status Lost status Source of classification or shelving scheme Damaged status Not for loan Collection code Home library Current library Date acquired Source of acquisition Cost, normal purchase price Total Checkouts Total Renewals Full call number Barcode Date last seen Copy number Cost, replacement price Koha item type
    Dewey Decimal Classification     Fiction Ashok Vihar Ashok Vihar 05/04/2017 BPPD/UR/2014-15/AV/16-17/656/17.217//P/1638/6.3.17/8.3.17 250.00     ک م ح م B-665871 05/04/2017 1 250.00 Urdu Bks
    Dewey Decimal Classification     Fiction Central Library Central Library 17/11/2014 BPPD/UR/2014-15/125/01-08-2014/1469/14/08/2014/2/09/2014 250.00 2 2 ک م ح م B-547927 24/01/2020 1 250.00 Urdu Bks
    Dewey Decimal Classification     Fiction Patel Nagar Patel Nagar 17/11/2014 BPPD/UR/2014-15/125/01-08-2014/1469/14/08/2014/2/09/2014 250.00     ک م ح م B-547928 17/11/2014 1 250.00 Urdu Bks
    Dewey Decimal Classification     Fiction Sarojini Nagar Sarojini Nagar 17/11/2014 BPPD/UR/2014-15/125/01-08-2014/1469/14/08/2014/2/09/2014 250.00 1   ک م ح م B-547929 08/06/2020 1 250.00 Urdu Bks
    Dewey Decimal Classification     Fiction Shahdara Branch Shahdara Branch 17/11/2014 BPPD/UR/2014-15/125/01-08-2014/1469/14/08/2014/2/09/2014 250.00     ک م ح م B-547930 17/11/2014 1 250.00 Urdu Bks

© Delhi Public Library
Hit Counter
free hit counter